[Event "Saarland-ch Seniors 23rd"]
[Site "Saarlouis"]
[Date "2004.04.08"]
[Round "7"]
[White "Ebel, Gerhard"]
[Black "Backes, Robert"]
[Result "1/2-1/2"]
[WhiteElo "1555"]
[BlackElo "1557"]
[PlyCount "109"]
[EventDate "2004.04.02"]
[EventType "swiss"]
[EventRounds "9"]
[EventCountry "GER"]
[SourceTitle "CBM 099 Extra"]
[Source "ChessBase"]
[SourceDate "2004.05.04"]
[SourceVersion "1"]
[SourceVersionDate "2004.05.04"]
[SourceQuality "1"]

1. e4 e5 2. Nf3 Nc6 3. Bb5 a6 4. Ba4 Nf6 5. 0-0 d6 6. Re1 Be7 7. c3 b5 8. Bb3 Na5 9. Bc2 c5 10. h3 0-0 11. d4 cxd4 12. cxd4 Qc7 13. d5 Bd7 14. Nbd2 Rac8 15. Bb1 Nb7 16. Nf1 h6 17. Ng3 Nh7 18. Be3 Qd8 19. Qd2 Bg5 20. b4 Bxe3 21. Qxe3 Ra8 22. Bd3 a5 23. a3 axb4 24. axb4 Rxa1 25. Rxa1 Nf6 26. Ra7 Qc7 27. Bf1 Rb8 28. Nh4 Qc8 29. Qb6 Ne8 30. Bxb5 Nc5 31. Bxd7 Nxd7 32. Qc6 Ndf6 33. b5 Qxc6 34. bxc6 Rc8 35. Nhf5 Kf8 36. f3 h5 37. Nf1 g6 38. Nh4 Rc7 39. Rb7 Rxb7 40. cxb7 Nd7 41. Nd2 Ke7 42. g3 Nc7 43. Nc4 Na6 44. Kf2 Ndc5 45. Na5 Kd8 46. Nc6+ Kc7 47. b8Q+ Nxb8 48. Ke3 Nxc6 49. dxc6 Kxc6 50. f4 Kd7 51. Nf3 Ke6 52. Ng5+ Kf6 53. h4 Kg7 54. Nf3 f6 55. Nd2 1/2-1/2